الإبداع : (Record no. 29562)
[ view plain ]
| 000 -الفاتح | |
|---|---|
| حقل البيانات ثابتة الطول | 01335nam a22003257a 4500 |
| 003 - محدد رقم الضبط | |
| رقم الضبط | EG-ScBUE |
| 005 - وقت وتاريخ اخر تعامل مع التسجيلة | |
| رقم الضبط | 20211010101627.0 |
| 008 - عناصر البيانات ثابتة الطول - معلومات عامة | |
| حقل البيانات ثابتة الطول | 211010s2003 ua k f b 000 0 ara d |
| 017 ## - رقم الإيداع القانونى | |
| رقم الإيداع القانونى | 2003/2247 |
| 020 ## - الرقم الدولى المعيارى للكتب | |
| الرقم الدولى المعيارى للكتاب | 9773371352 |
| 040 ## - مصدر الفهرسة | |
| وكالة الفهرسة الأصلية | EG-ScBUE |
| لغة الفهرسة | ara |
| قواعد الوصف | rda |
| وكالة النسخ | EG-ScBUE |
| وكالة التعديل | EG-ScBUE |
| 082 04 - رقم تصنيف ديوى العشرى | |
| رقم التصنيف | 153.35 |
| رقم المادة | م ر ك |
| رقم الطبعة | 22 |
| 110 2# - المدخل الرئيسى - إسم هيئة | |
| اسم الهيئة أو اسم السلطة كمدخل | مركز الخبرات المهنية للادارة (بميك)، |
| الدور | مؤلف. |
| 245 12 - بيان العنوان | |
| العنوان | الإبداع : |
| بقية العنوان | القواعد غير المكتوبة / |
| بيان المسئوليه,etc | إعدد إصدارات بميك ؛ الإشراف العلمي د. عبد الرحمن توفيق. |
| 264 #1 - النشر، التوزيع | |
| مكان الناشر او الموزع | القاهرة : |
| اسم الناشر او الموزع | مركز الخبرات المهنية للإدارة (بميك)، |
| تاريخ النشر أو التوزيع | 2003. |
| 300 ## - الوصف المادى | |
| التعداد | 192 صفحة : |
| تفاصيل ماديه اخرى للوعاء | أشكال ؛ |
| أبعاد الوعاء | 24 سم. |
| 336 ## - نوع المحتوى | |
| source | rdacontent |
| Carrier Type Term | نص |
| Content Type Code | txt |
| 337 ## - نوع الوسيط | |
| source | rdamedia |
| Media Type Term | بدون وسيط |
| Media Type Code | n |
| 338 ## - نوع الحامل أو الناقل | |
| source | rdacarrier |
| Carrier Type Term | مجلد |
| Carrier Type Code | nc |
| 490 0# - بيان السلسلة | |
| عنوان السلسلة | سلسلة إصدارات بميك ؛ |
| رقم المجلد/ التعيين التسلسلي | 49 |
| 490 0# - بيان السلسلة | |
| عنوان السلسلة | موسوعة مدربون بارعون ؛ |
| رقم المجلد/ التعيين التسلسلي | 3 |
| 504 ## - تبصرة ببليوجرافية | |
| تبصرة ببليوجرافية,الخ | يشتمل على إرجاعات ببليوجرافية. |
| 541 ## - تبصرة المصدر المباشر للتزويد | |
| طريقة التزويد | Donation. |
| 650 #7 - المدخل الاضافى بالموضوع-مصطلح موضوعى | |
| مصطلح موضوعي أو اسم جغرافي كعنصر مدخل | الإبداع. |
| مصدر الرأس أو المصطلح | BUEsh |
| 650 #7 - المدخل الاضافى بالموضوع-مصطلح موضوعى | |
| مصطلح موضوعي أو اسم جغرافي كعنصر مدخل | التفكير الإبداعي. |
| مصدر الرأس أو المصطلح | BUEsh |
| 653 ## - مصطلح تكشيفى غير مقيد | |
| Resource For college | Generalities |
| Arrived date list | October2021 |
| 655 ## - مصطلح تكشيفى-نوع/شكل | |
| التقسيم الفرعي الشكلي | Reading book |
| -- | 34232 |
| 700 1# - المدخل الاضافى - اسم شخصى | |
| الإسم الشخصى | توفيق، عبد الرحمن، |
| الدور | مشرف. |
| 9 (RLIN) | 40942 |
| 942 ## - عناصر المدخل الإضافي( كوها) | |
| مصدر التصنيف او مخطط الترفيف | Dewey Decimal Classification |
| حالة التراجع | حالة الفقد | مصدر التصنيف او خطة الترفيف | حالة تلف | ليس للاعارة | مجموعات كوها | المكان الدائم | المكان الحالي | موقع الترفيف | تاريخ الاكتساب | Source of acquisition | رقم الاستدعاء | الباركود | Date last seen | مُعار | نوع الوعاء |
|---|---|---|---|---|---|---|---|---|---|---|---|---|---|---|---|
| Dewey Decimal Classification | Donation-Gift | Central Library | Central Library | Lower Floor | 10/10/2021 | Donation | 153.35 م ر ك | 000050799 | 15/07/2025 | 23/02/2022 | Book - Borrowing |